Top 50 Serien bei IMDb - Statistiken

Allgemein
  • Dieses Quiz wurde 1.070 mal gespielt
  • Das Durchschnittsergebnis liegt bei 5 aus 50
Antwortstatistiken
Rang Antwort Startjahr Bewertung % Korrekt
4 Breaking Bad 2008 9,4
82%
11 Game of Thrones: Das Lied von Eis und Feuer 2011 9,2
77%
48 Friends 1994 8,8
45%
14 Die Sopranos 1999 9,2
27%
21 Sherlock 2010 9,0
19%
5 Chernobyl 2019 9,4
18%
7 The Wire 2002 9,3
18%
12 Avatar - Der Herr der Elemente 2005 9,2
17%
43 Das Büro 2005 8,8
17%
13 Rick and Morty 2013 9,2
16%
47 Attack on Titan 2013 8,8
15%
3 Band of Brothers: Wir waren wie Brüder 2001 9,4
11%
50 Seinfeld 1989 8,8
10%
32 Death Note 2006 8,9
9%
31 True Detective 2014 8,9
8%
38 Fargo 2014 8,9
7%
2 Planet Erde 2006 9,4
7%
26 Batman 1992 9,0
6%
19 Fullmetal Alchemist: Brotherhood 2009 9,1
6%
8 Unser Planet 2019 9,3
6%
49 Das Boot 1985 8,8
4%
1 Eine Erde - viele Welten 2016 9,5
4%
41 Hunter x Hunter 2011 8,9
4%
24 Unser blauer Planet 2001 9,0
4%
29 Firefly: Der Aufbruch der Serenity 2002 8,9
3%
6 Unser blauer Planet II 2017 9,3
3%
45 Willkommen in Gravity Falls 2012 8,8
3%
36 Cowboy Bebop 1998 8,9
2%
30 Dekalog 1989 8,9
2%
16 The Last Dance 2020 9,1
2%
10 Unser Kosmos 1980 9,2
2%
9 Unser Kosmos: Die Reise geht weiter 2014 9,2
2%
39 When They See Us 2019 8,9
2%
33 Civil War: Der amerikanische Bürgerkrieg 1990 8,9
1%
15 Die Welt im Krieg 1973 9,1
1%
17 Faszinierende Wildnis 2009 9,1
1%
28 Frozen Planet - Eisige Welten 2011 9,0
1%
46 Nathan For You 2013 8,8
1%
42 Only Fools and Horses.... 1981 8,9
1%
18 SCAM 1992: The Harshad Mehta Story 2020 9,1
1%
27 The Beatles 1995 9,0
1%
37 Unbekanntes Afrika 2013 8,9
1%
22 Unglaubliche Geschichten 1959 9,0
1%
20 Vietnam 2017 9,1
1%
34 Der Krieg 2009 8,9
0%
25 Ein guter Mensch 2018 9,0
0%
23 Human Planet 2011 9,0
0%
40 Last Week Tonight with John Oliver 2014 8,9
0%
35 Taskmaster 2015 8,9
0%
44 TVF Pitchers 2015 8,8
0%
Keine übereinstimmenden Quizze gefunden
Verteilung der Resultate
Anzahl Personen mit jedem Resultat
Perzentil nach korrekt beantworteten Fragen
Ihre Resultats-Entwicklung
Sie haben dieses Quiz noch nicht gespielt